Orthodox Countries in Europe - Statistics

General Stats
  • This quiz has been taken 356 times
    286 since last reset
  • The average score is 10 of 11
Answer Stats
Country % Correct
Russia
99%
Greece
96%
Romania
95%
Serbia
95%
Ukraine
95%
Bulgaria
91%
Belarus
89%
Moldova
87%
North Macedonia
83%
Montenegro
80%
Bosnia and Herzegovina
78%
No matching quizzes found
Score Distribution
Percent of People with Each Score
Percentile by Number Answered
Your Score History
You have not taken this quiz since the last reset